000 00989cab a2200265 4500
001 WB3503-37
008 090401t1999 xxu||||| |||| 00| 0 eng d
035 _a(Sirsi) u90833
041 _aeng
245 _aNew lettings scheme
260 _c1999
350 _a0
490 _aTimes
_v20 January 1999, 37(1)
520 _aGovernment has launched the National Approved Lettings Scheme (NALS). The scheme sets out defined minimum service standards, which NALS agents must abide by. A three-stage complaints-redress system will be in operation to deal with landlords who are unhappy with their agents.
650 _aEMPTY PROPERTY
650 _aLETTING AGENTS
650 _aNALS
650 _aNATIONAL APPROVED LETTING SCHEME
650 _aPRIVATE RENTED SECTOR
650 _aProperty management
_96262
650 _aRESIDENTIAL LETTINGS
690 _aPROPERTY-RESIDENTIAL PROPERTY-RESIDENTIAL LANDLORD AND TENANT-RESIDENTIAL TENANCIES
942 _n0
948 _c20/01/1999
999 _c57617
_d57617